000 00825nab a2200265 a 4500
005 20220309111929.0
008 991125s1985 mx o 000 0 spa u
035 _aUPN01000192920
040 _aUPN
_bspa
_cUPN
100 1 _aZamora Poblete, Guillermo Manuel
100 1 _ugzamora@puc.cl.
222 _aPERFILES EDUCATIVOS
245 _a¿ Por qué los estudiantes cambian de escuela ? : análisis desde las decisiones familiares
260 _aMéxico
300 _a48-62
362 0 _a2013 3a época, vol. 35, no. 140
653 0 _aMOVILIDAD ESCOLAR
653 0 _aDECISIONES FAMILIARES
653 0 _aELECCION DE ESCUELA
700 1 _aMoforte Madsen, Carla,
700 1 _ecoaut.
856 1 _uhttp://www.revistas.unam.mx/index.php/perfiles/article/view/38842
905 _aArticulo
942 _2lcc
_cISSUE
999 _c165021
_d165021